000
00326 a2200157 4500
001
61127
020
_a
85322566252
040
_c
Anchieta - Pituba
100
_a
Goes, Ana
240
1
0
_a
In @ction 7
_l
Ing
245
1
0
_a
In @ction 7
300
_a
151/47
362
0
_a
2005
650
4
_a
Inglês e inglês antigo
942
_c
BK
999
_c
61127
_d
61127